Measured term contracts (Record no. 90902)
[ view plain ]
| 000 -LEADER | |
|---|---|
| fixed length control field | 01117cam a2200265 4500 |
| 008 - FIXED-LENGTH DATA ELEMENTS--GENERAL INFORMATION | |
| fixed length control field | 090401t1992 xxu||||| |||| 00| 0 eng d |
| 020 ## - INTERNATIONAL STANDARD BOOK NUMBER | |
| International Standard Book Number | 1853800449 |
| 035 ## - SYSTEM CONTROL NUMBER | |
| System control number | (Sirsi) u41041 |
| 041 ## - LANGUAGE CODE | |
| Language code of text/sound track or separate title | eng |
| 050 ## - LIBRARY OF CONGRESS CALL NUMBER | |
| Classification number | 692.8 |
| -- | 18 |
| 100 ## - MAIN ENTRY--PERSONAL NAME | |
| Personal name | Clarke, Kenneth A. |
| 245 ## - TITLE STATEMENT | |
| Title | Measured term contracts |
| Remainder of title | an introduction to their use for building maintenance and minor works. |
| 260 ## - PUBLICATION, DISTRIBUTION, ETC. | |
| Place of publication, distribution, etc. | Berks. |
| Name of publisher, distributor, etc. | CIOB |
| Date of publication, distribution, etc. | 1992 |
| 300 ## - PHYSICAL DESCRIPTION | |
| Extent | v, 66p. |
| Dimensions | 30cm. |
| 350 ## - PRICE (NR) (BK AM CF MU VM SE) [OBSOLETE] | |
| Price | 16 |
| 490 ## - SERIES STATEMENT | |
| Series statement | CIOB Occasional Paper |
| Volume/sequential designation | 51 |
| 520 ## - SUMMARY, ETC. | |
| Summary, etc. | Suggests that measured term contracting is a well-established method of procuring the services of a contractor on a continuing but flexible basis and probably the most cost effective. Aimed at property owners and professionals who are involved in the procurement and execution of building maintenance, refurbishment and minor new works. |
| 650 ## - SUBJECT ADDED ENTRY--TOPICAL TERM | |
| Topical term or geographic name entry element | BUILT ENVIRONMENT-BUILDING CONTRACT FORMS |
| 650 ## - SUBJECT ADDED ENTRY--TOPICAL TERM | |
| Topical term or geographic name entry element | BUILT ENVIRONMENT-BUILDING MAINTENANCE AND REFURBISHMENT |
| 650 ## - SUBJECT ADDED ENTRY--TOPICAL TERM | |
| Topical term or geographic name entry element | MEASURED TERM CONTRACTS |
| 650 ## - SUBJECT ADDED ENTRY--TOPICAL TERM | |
| Topical term or geographic name entry element | MINOR WORKS |
| 690 ## - LOCAL SUBJECT ADDED ENTRY--TOPICAL TERM (OCLC, RLIN) | |
| Topical term or geographic name as entry element | BUILT ENVIRONMENT |
| 942 ## - ADDED ENTRY ELEMENTS (KOHA) | |
| Suppress in OPAC | 0 |
| 948 ## - LOCAL PROCESSING INFORMATION (OCLC); SERIES PART DESIGNATOR (RLIN) | |
| c (OCLC) | 04/03/1997 |
| Withdrawn status | Lost status | Source of classification or shelving scheme | Damaged status | Not for loan | Home library | Current library | Shelving location | Date acquired | Cost, normal purchase price | Total Checkouts | Full call number | Barcode | Date last seen | Date last checked out | Copy number | Cost, replacement price | Price effective from | Koha item type |
|---|---|---|---|---|---|---|---|---|---|---|---|---|---|---|---|---|---|---|
| Dewey Decimal Classification | London | London | Folio | 30/08/1996 | 13.60 | 7 | F692.8 | 30051550 | 06/08/2019 | 13/04/2004 | 2 | 13.60 | 06/08/2019 | Book |